House building (Record no. 114244)
[ view plain ]
| 000 -LEADER | |
|---|---|
| fixed length control field | 01680cad a22002415a 4500 |
| 001 - CONTROL NUMBER | |
| control field | L156408 |
| 008 - FIXED-LENGTH DATA ELEMENTS--GENERAL INFORMATION | |
| fixed length control field | 120518e20120517xxkd f s f000 0 eng d |
| 035 ## - SYSTEM CONTROL NUMBER | |
| System control number | (Sirsi) u156408 |
| 041 0# - LANGUAGE CODE | |
| Language code of text/sound track or separate title | eng |
| 110 1# - MAIN ENTRY--CORPORATE NAME | |
| Corporate name or jurisdiction name as entry element | United Kingdom |
| Subordinate unit | Department for Communities and Local Government |
| 9 (RLIN) | 4939 |
| 245 00 - TITLE STATEMENT | |
| Title | House building |
| Remainder of title | March 2012, England |
| Medium | [electronic resource] |
| 260 ## - PUBLICATION, DISTRIBUTION, ETC. | |
| Place of publication, distribution, etc. | London |
| Name of publisher, distributor, etc. | DCLG |
| Date of publication, distribution, etc. | 2012 |
| 490 #0 - SERIES STATEMENT | |
| Series statement | DCLG Housing Statistical Release |
| Volume/sequential designation | March quarter 2012, 17 May 2012 |
| 505 2# - FORMATTED CONTENTS NOTE | |
| Formatted contents note | Seasonally adjusted results -- non-seasonally adjusted results -- sub-national trends -- other improved inspectors |
| 520 ## - SUMMARY, ETC. | |
| Summary, etc. | Presents figures on new build housing starts and completions in England; figures for the UK and constituent countries are also available in the accompanying tables; the latest statistics report. The figures in this release have been revised back to the June quarter 2007 to include extra data from independent approved inspectors. All data in this release and related tables now includes data from independent approved inspectors. This represents a substantial improvement to the coverage of these statistics. Because the data have been revised back to 2007 all quarterly and annual comparisons in this release are on a consistent basis. However, data from this release cannot be compared with data in previous releases |
| 590 ## - LOCAL NOTE (RLIN) | |
| Local note | KA |
| 650 24 - SUBJECT ADDED ENTRY--TOPICAL TERM | |
| Topical term or geographic name entry element | DCLG QUARTERLY HOUSE BUILDING STATISTICS |
| 651 #4 - SUBJECT ADDED ENTRY--GEOGRAPHIC NAME | |
| Geographic name | England |
| Chronological subdivision | 886- |
| 690 ## - LOCAL SUBJECT ADDED ENTRY--TOPICAL TERM (OCLC, RLIN) | |
| Topical term or geographic name as entry element | Construction management |
| 9 (RLIN) | 6230 |
| 690 ## - LOCAL SUBJECT ADDED ENTRY--TOPICAL TERM (OCLC, RLIN) | |
| Topical term or geographic name as entry element | Residential property |
| 9 (RLIN) | 6266 |
| 856 40 - ELECTRONIC LOCATION AND ACCESS | |
| Uniform Resource Identifier | <a href="https://www.communities.gov.uk/documents/statistics/pdf/2145660.pdf">https://www.communities.gov.uk/documents/statistics/pdf/2145660.pdf</a> |
| Public note | View the item free of charge at www.communities.gov.uk |
| 942 ## - ADDED ENTRY ELEMENTS (KOHA) | |
| Suppress in OPAC | 0 |
| Withdrawn status | Lost status | Source of classification or shelving scheme | Damaged status | Not for loan | Home library | Current library | Shelving location | Date acquired | Total Checkouts | Full call number | Barcode | Date last seen | Copy number | Price effective from | Koha item type |
|---|---|---|---|---|---|---|---|---|---|---|---|---|---|---|---|
| Dewey Decimal Classification | Virtual | Virtual | Online | 17/05/2012 | ONLINE PUBLICATION | 156408-2001 | 06/08/2019 | 1 | 06/08/2019 | Book |